KOHA-Header-6

PHP, MySQL & JavaScript all in one dummies (Record no. 12109)

000 -LEADER
fixed length control field 00321nam a22001337a 4500
020 ## - INTERNATIONAL STANDARD BOOK NUMBER
ISBN 978-81-265-7600-5
082 ## - DEWEY DECIMAL CLASSIFICATION NUMBER
Classification number 006.76
100 ## - MAIN ENTRY--AUTHOR NAME
Personal name Richard Blum
245 ## - TITLE STATEMENT
Title PHP, MySQL & JavaScript all in one dummies
260 ## - PUBLICATION, DISTRIBUTION, ETC. (IMPRINT)
Place of publication New Delhi
Name of publisher Wiley Brand
Year of publication 2018
300 ## - PHYSICAL DESCRIPTION
Number of Pages 774
650 ## - SUBJECT ADDED ENTRY--TOPICAL TERM
Topical Term Computer Science
942 ## - ADDED ENTRY ELEMENTS (KOHA)
Koha item type Books
Holdings
Withdrawn status Lost status Collection code Permanent Location Current Location Shelving location Date acquired Full call number Accession Number Koha item type
    Computer Languages MAJU MAJU Shelf No.A33 2019-10-29 006.76 9396 Computer Languages

Powered by Koha